000 00399 a2200169 4500
001 44996
020 _a858804417x
040 _cAnchieta - Aquarius
100 _aPiai, Arlette
240 1 0 _aO Poder Judiciário resolve conflitos
_lpor
245 1 0 _aO Poder Judiciário resolve conflitos
300 _a23
362 0 _a2002
440 1 _aElementar
650 4 _aLiteratura juvenil
942 _cBK
999 _c44996
_d44996